| 000 | 00383nam a2200133Ia 4500 | ||
|---|---|---|---|
| 008 | 221021s9999||||xx |||||||||||||| ||und|| | ||
| 020 | _a185534-997-3 | ||
| 040 | _cChuka University Library | ||
| 050 |
_aPR 2754 _b.C88 2004 |
||
| 100 |
_aShakespeare, William _9307 |
||
| 245 | 4 | _aThe complete works of william shakespeare. | |
| 260 |
_aScotland _bGeddes & Grossel _c2004 |
||
| 942 |
_cBK _05 |
||
| 999 |
_c974 _d974 |
||